| 000 | 00481nam a22001577a 4500 | ||
|---|---|---|---|
| 999 |
_c524896 _d524896 |
||
| 003 | NUST | ||
| 038 | _aMr. Zahoor | ||
| 082 | _a620.005 | ||
| 100 |
_aMuhammad Zeeshan _915696 |
||
| 245 |
_aOPTIMIZATION OF ENERGY CONSERVATION THROUGH LATEST TECHNIQUES-A CASE STUDY / _cMuhammad Zeeshan |
||
| 260 |
_aIslamabad : _bCEME - NUST, _c2017. |
||
| 300 |
_axiii, 175 p. : ill. ; _c30 cm. |
||
| 500 | _aHardcover. | ||
| 600 |
_aEngineering Management - MS Thesis _915693 |
||
| 942 |
_2ddc _cTHE |
||